000 00669nam a2200289Ia 4500
008 210210b1963 xxu||||| |||| 00| 0 eng d
041 _aeng
082 _a516/63
100 _aLONEY (S L)
245 _aSolutions of the examples in a treatise on dynamics of a particle and rigid bodies
260 _aCambridge
_bAt the University Press
_c1963
650 _atreatise
650 _athe
650 _aSolutions
650 _arigid
650 _aparticle
650 _aon
650 _aof
650 _ain
650 _aexamples
650 _adynamics
650 _abodies
650 _aand
650 _aa
690 _astatics
906 _a007779
999 _c140448
_d140448